000 01040cab a2200181 4500
001 L129623
008 050506n2005 000 0 eng u
035 _a(Sirsi) u129623
041 _aeng
100 _aTurok, Ivan
245 _aPolycentric development - the key to regional competitiveness and cohesion?
260 _c2005
490 _aTown & Country Planning
_v74(3) March 2005, 102-104(3)
520 _aLooks at how the idea of polycentricity, one of the cornerstones of the European Spatial Development Perspective, has influenced the Scottish planning community and considers its relevance to the National Planning Framework for Scotland. Analyses the rationale for polycentric development and examines the doubts raised about the general value of the concept and its particular applicability to the Central Belt in Scotland. Includes a strategy map from Scotland's National Planning Framework.
590 _aIKA190505
690 _aENVIRONMENTAL AND LAND CONSULTANCY-PLANNING AND DEVELOPMENT-STRATEGIC PLANNING
942 _n0
999 _c75185
_d75185